| 000 | 00942nam a2200265Ia 4500 | ||
|---|---|---|---|
| 003 | OSt | ||
| 005 | 20221005110646.0 | ||
| 006 | a|||||r|||| 00| 0 | ||
| 007 | ta | ||
| 008 | 221004b |||||||| |||| 00| 0 hin d | ||
| 020 |
_a9788126713660 (hbk) _c200 |
||
| 024 | _a11301 | ||
| 037 |
_bBR8176, 20/03/2014, Rajkamal Prakashan Pvt. Ltd. _cTextual |
||
| 040 |
_aCRL _cCRL _bhin |
||
| 041 |
_2hin _ahin |
||
| 082 | _aO152,3N37,AM, L2;Q2 | ||
| 100 | _aकाशीनाथ सिंह | ||
| 245 | 0 | _aअपना मोर्चा | |
| 246 | _aApanā morchā | ||
| 260 |
_aनई दिल्ली _bराजकमल प्रकाशन भारत _c2012 |
||
| 300 |
_a127पृ0 _ccm. |
||
| 650 | _aहिन्दी साहित्य | ||
| 942 |
_hO152,3N37,AM, L2;Q2 _cTEXL _2cc |
||
| 999 |
_c1019502 _d1019502 |
||